000 00787cab a22002175a 4500
001 L154123
008 111018e20111015xxk 000 0 eng d
035 _a(Sirsi) u154123
041 0 _aeng
100 1 _aCunningham, Daniel
245 0 0 _aFocus
_bNorth East
260 _c2011
490 _aEstates Gazette
_v(1141) 15 October 2011, 93-107(12)
520 _aLooks at the role which the private sector could play in regenerating urban areas, and discusses four developments planned for Newcastle. Also considers the new generation of enterprise zones and examines office take up in Newcastle.
590 _aKA
651 4 _aNorth East
690 _aPROPERTY-COMMERCIAL PROPERTY-COMMERCIAL PROPERTY MARKET
700 1 _aSmulian, Mark
700 1 _aMorrison, Adrian
942 _n0
999 _c83498
_d83498